Vzdělávání dospělých v ČR

Fázy procesu firemného vzdelávania. Prístup firiem k vzdelávaniu zamestnancov. Hlavné problémy vzdelávania dospelých. Vzdelávanie zamestnancov vo firme. Operačný program Ľudské zdroje a zamestnanosť.

Enregistré dans:
Détails bibliographiques
Auteur principal: Španielová, Soňa
Format: Chapitre de livre
Langue:tchèque
Sujets:
Tags: Ajouter un tag
Pas de tags, Soyez le premier à ajouter un tag!

MARC

LEADER 00000nla$a2200000$$$4500
001 0143323
005 20240502072554.0
041 0 |a cze 
044 |a SK 
245 1 0 |a Vzdělávání dospělých v ČR  |c Soňa Španielová 
520 |a Fázy procesu firemného vzdelávania. Prístup firiem k vzdelávaniu zamestnancov. Hlavné problémy vzdelávania dospelých. Vzdelávanie zamestnancov vo firme. Operačný program Ľudské zdroje a zamestnanosť. 
610 2 0 |a vzdelávanie dospelých 
610 2 0 |a zamestnanci 
610 2 0 |a zdroje ľudské 
610 2 0 |a zamestnanosť 
610 2 0 |a firmy 
610 2 0 |a programy 
610 2 0 |a Európska únia 
610 2 0 |a Česko 
100 1 |a Španielová, Soňa